Diagnostické metódy kontroly technického stavu strojov a zariadení = Diagnostics methods of inspecting the technical conditions of machineries and devices : Bakalárska práca
Uložené v:
| Hlavný autor: | |
|---|---|
| Ďalší autori: | |
| Médium: | Rukopis Kniha |
| Jazyk: | Slovak |
| Vydavateľské údaje: |
Trnava :
STU v Bratislave MTF UVSM,
2008
|
| Predmet: | |
| Tagy: |
Žiadne tagy, Buďte prvý, kto otaguje tento záznam!
|
MARC
| LEADER | 00000ntm a22000003a 4500 | ||
|---|---|---|---|
| 001 | stu175239 | ||
| 005 | 20150617230022.7 | ||
| 008 | 081030s2008----xo------------------slo-d | ||
| 040 | |a STU |b slo | ||
| 041 | 0 | |a slo | |
| 044 | |a xo | ||
| 100 | 1 | |a Krajčová, Katarína |4 aut |u M2000 |U MTF Materiálovotechnologická fakulta |T MTF Ústav výrobných systémov a aplikovanej mechaniky |U M2000 |Y 82 | |
| 245 | 1 | |a Diagnostické metódy kontroly technického stavu strojov a zariadení = Diagnostics methods of inspecting the technical conditions of machineries and devices : |b Bakalárska práca | |
| 260 | |a Trnava : |b STU v Bratislave MTF UVSM, |c 2008 | ||
| 300 | |a 65 s |c 1 CD-ROM | ||
| 500 | |a Študijný odbor: 5.2.50 výrobná technika | ||
| 500 | |a Študijný program: výrobné zariadenia a systémy | ||
| 650 | 7 | |a technická diagnostika |2 stusub | |
| 700 | 1 | |a Labašová, Eva, |d 1963- |4 xxx |u M2000 |U MTF Materiálovotechnologická fakulta |T MTF Ústav výrobných systémov a aplikovanej mechaniky |X 1539 |U M2000 |Y 82 |7 A000001539 | |
| 996 | |b 284M069186 |c M*BP-3440 |l MMSKP |s P |a 0 |w stu175239_0001 | ||